00408nam a2200157Ia 4500003000900000005001700009008004100026040001300067040001300080041000800093100002100101245007300122260003400195300001500229490000600244IT-RoPAU20220918175538.0120407s9999 xx 000 0 und d aIT-RoPAU cIT-RoPAU aita aGastone Courtois aIncontri con Dio - Meditazioni - Ritiri Sacerdotali Moderni Vol. II aMilanobEditrice Ancorac1964 c17 cma261 v1